The Tower of London 1682 (Record no. 116853)

MARC details
000 -LEADER
fixed length control field 00832cem a22002175a 4500
001 - CONTROL NUMBER
control field L140371
008 - FIXED-LENGTH DATA ELEMENTS--GENERAL INFORMATION
fixed length control field 070920r19831682xxk a 0 f eng u
035 ## - SYSTEM CONTROL NUMBER
System control number (Sirsi) u140371
041 0# - LANGUAGE CODE
Language code of text/sound track or separate title eng
110 2# - MAIN ENTRY--CORPORATE NAME
Corporate name or jurisdiction name as entry element London Topographical Society
9 (RLIN) 106
245 04 - TITLE STATEMENT
Title The Tower of London 1682
Medium [cartographic material]
250 ## - EDITION STATEMENT
Edition statement Facsim.
255 ## - CARTOGRAPHIC MATHEMATICAL DATA
Statement of scale Scale 1:750
260 ## - PUBLICATION, DISTRIBUTION, ETC.
Place of publication, distribution, etc. London
Name of publisher, distributor, etc. London Topographical Society
Date of publication, distribution, etc. 1983
300 ## - PHYSICAL DESCRIPTION
Extent 1 map
Other physical details col.
Dimensions 63 x 62 cm. +
Accompanying material 1 sheet (27 cm.)
500 ## - GENERAL NOTE
General note Item is accompanied by a sheet of notes by Geoffrey Parnell.
500 ## - GENERAL NOTE
General note Item is a facsimile of the original of 1682. It is reproduced by permission of the Master of the Armouries, H. M. Tower of London.
651 4# - SUBJECT ADDED ENTRY--GEOGRAPHIC NAME
Geographic name London
690 ## - LOCAL SUBJECT ADDED ENTRY--TOPICAL TERM (OCLC, RLIN)
Topical term or geographic name as entry element ENVIRONMENTAL AND LAND CONSULTANCY-GEOMATICS-MAPPING AND POSITIONING-CARTOGRAPHY
942 ## - ADDED ENTRY ELEMENTS (KOHA)
Suppress in OPAC 0
Holdings
Withdrawn status Lost status Source of classification or shelving scheme Damaged status Not for loan Home library Current library Shelving location Date acquired Total Checkouts Full call number Barcode Date last seen Copy number Price effective from Koha item type
    Dewey Decimal Classification     Historic collection Historic collection Historic collection 20/09/2007   MAP CABINET DRAWER 4 140371-2001 06/08/2019 1 06/08/2019 Archive